000
00313nam a2200109Ia 4500
008
171211s9999 xx 000 0 und d
245
_a
Doodling in French: How to Draw with Joie de Vivre
245
_c
Anna Corba
260
_c
2012
650
_x
Drawing
856
_u
http://down.ebook777.com/002/978-0811878029.rar
999
_c
348043
_d
348043